A-Z Seventeen songs (oct 2024) - Statistics

General Stats
  • This quiz has been taken 302 times
  • The average score is 12 of 23
Answer Stats
Lettre Pays % Correct
C CALL CALL CALL!, Campfire, Candy, CHANGE UP, Check-in, CHEERS, Cheers to youth, Chilli, Chuck, Circles, CLAP, Come to me, Crazy in Love, Crush
92%
A Adore U, Ah Yeah, AH! LOVE, All My Love, Anyone, April Shower, Ash
89%
D Darl+ing, Diamond Days, Do Re Mi, Domino, DON QUIXOTE, Don't Listen In Secret, Don't Wanna Cry, DREAM, Drift Away, Dust
82%
H Habit, Happy Ending, Headliner, Healing, Heaven's Cloud, Hello, HEY BUDDY, HIGHLIGHT, HIT, Hit Song, Holiday, Home, HOME;RUN, HOT, Hug
81%
B Back 2 Back, Back It Up, BEAUTIFUL, BOOMBOOM, 'bout you, BRING IT
77%
F Fallin' Flower, Falling For U, Fast Pace, Fear, Fearless, Fire, Flower, Fronting, F*ck My Life
73%
Numbers 20, 247, 1 TO 13, 2 MINUS 1, 24H
68%
S Same dream, same mind, same night, Sara Sara, Say Yes, Second Life, Shadow, Shhh, Shining Diamond, SIMPLE, Smile Flower, Snap Shoot, SOS, Space, SPELL, Still Lonely, Super, Swimming Fool
65%
R Rain, Ready to love, Rock, Rock with you, ROCKET, Run to You
62%
L LALALI, Lean On Me, Left & Right, Let me hear you say, Lie Again, Light a flame, Lilili Yabbay, Love Letter, LOVE, MONEY, FAME, Lucky
60%
M MAESTRO, Mansae, March, Monster, MOONWALKER, MY I, My My
60%
G G4ME BO1, Getting closer, God of Music, Good to Me
53%
P PANG, Pinwheel, Power of Love, Pretty U
52%
W Water, Wave, What's Good, When I Grow Up, Who, Without You, _WORLD
48%
I I can't run away, I Don't Know, I Don't Undertsand But I Luv U, I Wish, If I, IF you leave me, Imperfect love, Intro. New World
44%
T THANKS, Thinkin' about you, To you, Together, TRAUMA
41%
V VERY NICE
40%
O Oh My!, OMG, Our dawn is hotter than day
34%
K Kidult
31%
N Network Love, NO F.U.N, Not Alone, Now – Even If The World Ends Tomorrow
26%
J Jam Jam
24%
E Eyes on You
23%
Y Yawn
15%
No matching quizzes found
Score Distribution
Percent of People with Each Score
Percentile by Number Answered
Your Score History
You have not taken this quiz